American authors 1600 - 1900 A biographical dictionary of American literature
Uloženo v:
| Hlavní autor: | |
|---|---|
| Médium: | Kniha |
| Jazyk: | Undetermined |
| Vydáno: |
New York
H. W. Wilson
1938
|
| Témata: | |
| Tagy: |
Přidat tag
Žádné tagy, Buďte první, kdo otaguje tento záznam!
|
| Thư viện lưu trữ: | Trung tâm Học liệu Trường Đại học Cần Thơ |
|---|
| LEADER | 00601nam a2200193Ia 4500 | ||
|---|---|---|---|
| 001 | CTU_26722 | ||
| 008 | 210402s9999 xx 000 0 und d | ||
| 082 | |a 810.4 | ||
| 082 | |b K95 | ||
| 100 | |a Stanley J Kunitz | ||
| 245 | 0 | |a American authors 1600 - 1900 | |
| 245 | 2 | |b A biographical dictionary of American literature | |
| 245 | 0 | |c Stanley J Kunitz, Howard Haycraft | |
| 260 | |a New York | ||
| 260 | |b H. W. Wilson | ||
| 260 | |c 1938 | ||
| 650 | |a american literature - history and criticism,authors, american | ||
| 904 | |i Minh, 981019 | ||
| 980 | |a Trung tâm Học liệu Trường Đại học Cần Thơ | ||